تحميل...
Weak interaction of elementary particles/
| المؤلف الرئيسي: | |
|---|---|
| التنسيق: | Printed Book |
| منشور في: |
Oxford
Pergamon
1965
|
| LEADER | 00394 a2200109 4500 | ||
|---|---|---|---|
| 082 | |a 539.72 OKU/W | ||
| 100 | |q Okun' L B | ||
| 245 | |a Weak interaction of elementary particles/ |c by L B Okun' | ||
| 260 | |a Oxford |b Pergamon |c 1965 | ||
| 942 | |c BK | ||
| 999 | |c 167774 |d 167774 | ||
| 952 | |0 0 |1 0 |2 ddc |4 0 |6 539_720000000000000_OKU_W |7 0 |9 185504 |a PHY |b PHY |c ST1 |d 2010-07-12 |i 536 |l 0 |o 539.72 OKU/W |p PHY536 |r 2010-07-12 |w 2010-07-12 |y BK | ||